Progress in the chemistry of fats and other lipids

Gorde:
Xehetasun bibliografikoak
Egile Nagusiak: Holman, Ralph T (Egilea), Malking, T (Egilea)
Beste egile batzuk: Lundberg, W. O. (autor)
Formatua: Liburua
Hizkuntza:ingelesa
Argitaratua: Londres Pergamon 1952
Saila:Progress Series
Gaiak:
Etiketak: Etiketa erantsi
Etiketarik gabe, Izan zaitez lehena erregistro honi etiketa jartzen!

MARC

LEADER 00000nam a2200000 a 4500
001 UCU7694
003 CL-VaPUC
008 960705e19520000UK |||||||||||||||||eng|d
082 0 4 |a 664.3  |b HOL  |2 21 
100 |a Holman, Ralph T  |e author  |9 298060 
700 |a Lundberg, W. O.  |e autor  |9 366708 
700 0 |a Malking, T  |e author  |9 366709 
245 1 0 |a Progress in the chemistry of fats and other lipids 
300 |a 6 v 
942 |c BK 
945 |d 19960705 00:00:00  |a paguirre 
260 |a Londres  |b Pergamon  |c 1952 
650 0 |a Tecnología química   |9 263002 
650 0 |a Ácidos grasos no saturados (insaturados)  |9 366723 
650 7 |a GRASAS COMESTIBLES  |2 CL-VaPUC  |9 348371 
650 0 |a Aceites comestibles  |9 364853 
650 0 |a Lípidos   |9 306890 
650 7 |a GLICERINA  |2 CL-VaPUC  |9 366711 
583 |a last modification  |c 19960705 00:00:00  |k Rodrigo Vera 
490 0 |a Progress Series 
999 |c 250285  |d 250283 
952 |0 0  |1 0  |4 0  |6 664_300000000000000_HOL_1952  |7 0  |8 A  |9 268194  |a BIBING  |b BIBING  |d 2019-11-19  |h v.1  |i 1700049  |o 664.3 HOL 1952  |p 1700049  |r 2025-01-20  |w 2019-11-19  |y BK  |k ING 
952 |0 0  |1 0  |4 0  |6 664_300000000000000_HOL_1952  |7 0  |8 A  |9 268195  |a BIBING  |b BIBING  |d 2019-11-19  |h v.2  |i 1700014  |o 664.3 HOL 1952  |p 1700014  |r 2025-01-20  |w 2019-11-19  |y BK  |k ING 
952 |0 0  |1 0  |4 0  |6 664_300000000000000_HOL_1952  |7 0  |8 A  |9 268196  |a BIBING  |b BIBING  |d 2019-11-19  |h v.3  |i 1700065  |o 664.3 HOL 1952  |p 1700065  |r 2025-01-20  |w 2019-11-19  |y BK  |k ING 
952 |0 0  |1 0  |4 0  |6 664_300000000000000_HOL_1952  |7 0  |8 A  |9 268197  |a BIBING  |b BIBING  |d 2019-11-19  |h v.4  |i 1700081  |o 664.3 HOL 1952  |p 1700081  |r 2025-01-20  |w 2019-11-19  |y BK  |k ING 
952 |0 0  |1 0  |4 0  |6 664_300000000000000_HOL_1952  |7 0  |8 A  |9 268198  |a BIBING  |b BIBING  |d 2019-11-19  |h v.5  |i 1700030  |o 664.3 HOL 1952  |p 1700030  |r 2025-01-20  |w 2019-11-19  |y BK  |k ING 
952 |0 0  |1 0  |4 0  |6 664_300000000000000_HOL_1952  |7 0  |8 A  |9 268199  |a BIBING  |b BIBING  |d 2019-11-19  |h v.6  |i 1700138  |o 664.3 HOL 1952  |p 1700138  |r 2025-01-20  |w 2019-11-19  |y BK  |k ING